000 01183nam a22003377a 4500
003 CHAP
005 20220329134004.0
008 971013s1978 r 00010 d
010 _a13681
011 _a14653
035 _a18727
040 _cCHAP
090 _aTesis
100 0 0 _aBeckmann Jurado, Rafael.
_911220
245 _aCálculo de la heredabilidad del peso a los 205 y 365 días de edad y sus correlaciones fenotípicas y genotípicas en un hato de ganado Hereford
260 _aMonterrey, N. L. :
_bEl autor,
_c1978
300 _a45 h.
502 _aTesis (Ing. Agr. Zootecnista) -- ITESM. Div. de Ciencias Agropecuarias y Marítimas
590 _aALEPH
_b10
_c20130110
_lUCH01
_h1233
590 _aBATCH-UPD
_b10
_c20130110
_lUCH01
_h0142
590 _aBATCH-UPD
_b10
_c20130110
_lUCH01
_h1645
590 _aBATCH-UPD
_b10
_c20130410
_lUCH01
_h1036
590 _aBATCH-UPD
_b10
_c20130914
_lUCH01
_h0554
590 _aCONVERSION
_b10
_c20130109
_lUCH01
_h1309
650 1 4 _aGanado Hereford.
_945131
650 1 4 _aGanado vacuno
_xGenética.
_945470
650 1 4 _aGanado vacuno
_xPeso.
_945504
901 _aBK
942 _cTESIS
949 _bBC
_cTES
_d-43581
_eTS1
_i18727
_si
999 _c13681
_d13681